The House Money Effect and Negative Reciprocity

Gespeichert in:
Bibliographische Detailangaben
1. Verfasser: Danková, Katarína
Weitere Verfasser: Servátka, Maroš, 1976-
Format: Buchkapitel
Sprache:Englisch
Tags: Tag hinzufügen
Keine Tags, Fügen Sie das erste Tag hinzu!

MARC

LEADER 00000naa$a2200000$$$4500
001 0283481
005 20240502083912.0
041 0 |a eng 
044 |a NZ 
245 1 0 |a The House Money Effect and Negative Reciprocity  |c Katarína Danková, Maroš Servátka 
100 1 |a Danková, Katarína 
700 1 |a Servátka, Maroš, 1976-